The music and thought of Michael Tippett : modern times and metaphysics /

Bibliographic Details
Main Author: Clarke, David (David Ian)
Format: Book
Language:English
Published: Cambridge ; New York : Cambridge University Press, 2001.
Series:Music in the twentieth century.
Subjects:

MARC

Tag First Indicator Second Indicator Subfields
LEADER 00000cam a22000004a 4500
001 in00001646513
005 20151023105337.0
008 001102s2001 enkg b 001 0 eng
010 |a  00052994  
015 |a GBA1-W8589 
019 |a 47271229 
020 |a 052158292X 
029 1 |a UKM  |b bA1W8589 
035 |a (OCoLC)ocm45304265 
040 |a DLC  |c DLC  |d UKM  |d C#P  |d UtOrBLW 
042 |a pcc 
049 |a TXAM 
050 0 0 |a ML410.T467  |b C62 2001 
082 0 0 |a 780/.92  |2 21 
100 1 |a Clarke, David  |q (David Ian) 
245 1 4 |a The music and thought of Michael Tippett :  |b modern times and metaphysics /  |c David Clarke. 
264 1 |a Cambridge ;  |a New York :  |b Cambridge University Press,  |c 2001. 
300 |a xii, 343 pages :  |b music ;  |c 26 cm. 
336 |a text  |b txt  |2 rdacontent 
337 |a unmediated  |b n  |2 rdamedia 
338 |a volume  |b nc  |2 rdacarrier 
490 1 |a Music in the twentieth century 
504 |a Includes bibliographical references (pages 315-327) and index. 
600 1 0 |a Tippett, Michael,  |d 1905-1998  |x Criticism and interpretation. 
830 0 |a Music in the twentieth century. 
945 |i PromptCat 
948 |a cataloged  |b h  |c 2002/1/15  |d c  |e mphillip  |f 12:29:54 pm 
994 |a 92  |b TXA 
999 |a MARS 
999 f f |s db98d4fc-3fca-3850-a2e9-c36485df515a  |i 83fcc1e5-7446-37cb-a838-141e56cbeff1  |t 0 
952 f f |p ric  |a Texas A&M University  |b Rellis Campus  |c Joint Library Facility  |d Remote Storage  |t 0  |e ML410.T467 C62 2001  |h Library of Congress classification  |i unmediated -- volume  |m A14828485938 
998 f f |a ML410.T467 C62 2001  |t 0  |l Remote Storage